[Event "Dulles Atlantic op 3rd"]
[Site "Dulles"]
[Date "2025.07.06"]
[Round "8"]
[White "Su, Kevin"]
[Black "Kurup, Siddharth Ajay"]
[Result "1-0"]
[WhiteElo "1991"]
[BlackElo "2071"]
[PlyCount "73"]
[EventDate "2025.07.02"]
[EventType "swiss"]
[EventRounds "9"]
[EventCountry "USA"]
[SourceTitle "CB28_2025"]
[SourceDate "2025.07.09"]
[SourceVersion "1"]
[SourceVersionDate "2025.07.09"]
[SourceQuality "1"]

1. d4 d5 2. Bf4 Nf6 3. Nc3 e6 4. Nb5 Na6 5. e3 Be7 6. Nf3 0-0 7. h4 c6 8. Nc3 Qb6 9. Rb1 c5 10. Ne5 Nd7 11. h5 f6 12. Ng6 Re8 13. Qg4 Nf8 14. Bb5 Qd8 15. Bxe8 Qxe8 16. Nxe7+ Qxe7 17. Qg3 cxd4 18. exd4 Bd7 19. 0-0 Qf7 20. Qh2 Nb4 21. Bd6 a5 22. a3 Nc6 23. Rbd1 Be8 24. h6 Ng6 25. Rfe1 Rd8 26. Rd3 Qd7 27. Bc7 Rc8 28. Bb6 Bf7 29. Rh3 Nf8 30. hxg7 Kxg7 31. Bc5 Bg6 32. Ree3 e5 33. dxe5 Nxe5 34. Bxf8+ Rxf8 35. Rxe5 fxe5 36. Qxe5+ Kg8 37. Nxd5 1-0

[Event "Dulles Atlantic op 3rd"]
[Site "Dulles"]
[Date "2025.07.05"]
[Round "7"]
[White "Kurup, Siddharth Ajay"]
[Black "Liu, Steven1"]
[Result "1-0"]
[WhiteElo "2071"]
[BlackElo "2047"]
[PlyCount "123"]
[EventDate "2025.07.02"]
[EventType "swiss"]
[EventRounds "9"]
[EventCountry "USA"]
[SourceTitle "CB28_2025"]
[SourceDate "2025.07.09"]
[SourceVersion "1"]
[SourceVersionDate "2025.07.09"]
[SourceQuality "1"]

1. d4 Nf6 2. c4 e6 3. Nf3 b6 4. g3 Bb7 5. Bg2 Be7 6. 0-0 0-0 7. Re1 d5 8. cxd5 exd5 9. Nc3 Nbd7 10. Bf4 Rc8 11. Rc1 a6 12. a3 c5 13. dxc5 Nxc5 14. Nd4 Qd7 15. b4 Nce4 16. Qb3 Bd6 17. Bxd6 Qxd6 18. Red1 Nxc3 19. Rxc3 b5 20. Rdc1 Rc4 21. e3 Rfc8 22. Bf1 Ne4 23. R3c2 Nd2 24. Qb2 Rxc2 25. Rxc2 Rxc2 26. Qxc2 Nc4 27. Qc3 Nb6 28. Nf5 d4 29. Qxd4 Qxd4 30. Nxd4 Kf8 31. f3 Bd5 32. e4 Bc4 33. Bxc4 Nxc4 34. Nc2 Ke7 35. Kf2 Ke6 36. f4 Nd2 37. Ke3 Nf1+ 38. Kd4 Kd6 39. Ne3 Nxh2 40. Nf5+ Kd7 41. Nxg7 Nf1 42. Nf5 Nd2 43. Ne3 Kd6 44. e5+ Kc6 45. g4 Nb1 46. Nc2 Nd2 47. Ke3 Nc4+ 48. Ke4 Nd2+ 49. Kd4 Nc4 50. a4 Nd2 51. axb5+ axb5 52. Ne3 Nb3+ 53. Ke4 Nc1 54. Kf5 Nd3 55. Kf6 Nxf4 56. Kxf7 Kd7 57. Nf5 Ne6 58. Kf6 Nf4 59. Ng7 Ng6 60. e6+ Kd6 61. Nf5+ Kd5 62. Ne7+ 1-0

[Event "Dulles Atlantic op 3rd"]
[Site "Dulles"]
[Date "2025.07.05"]
[Round "6"]
[White "Perrine, Dalton"]
[Black "Kurup, Siddharth Ajay"]
[Result "1-0"]
[WhiteElo "2140"]
[BlackElo "2071"]
[PlyCount "87"]
[EventDate "2025.07.02"]
[EventType "swiss"]
[EventRounds "9"]
[EventCountry "USA"]
[SourceTitle "CB28_2025"]
[SourceDate "2025.07.09"]
[SourceVersion "1"]
[SourceVersionDate "2025.07.09"]
[SourceQuality "1"]

1. e4 c5 2. Nf3 e6 3. Be2 Nc6 4. 0-0 e5 5. c3 Nf6 6. d4 cxd4 7. cxd4 exd4 8. Nxd4 Be7 9. Nc3 0-0 10. Ndb5 Re8 11. Bf4 d6 12. Qa4 Ne5 13. Rfd1 Bd7 14. Qd4 Bxb5 15. Bxb5 Nc6 16. Qa4 Nh5 17. Be3 Qc8 18. Rac1 a6 19. Be2 Nf6 20. f3 Bf8 21. Bf4 Qd7 22. Rd2 Rad8 23. Qb3 Ne5 24. Bg5 Qe6 25. Qxb7 Rb8 26. Qxa6 Ra8 27. Qb6 Rec8 28. Qf2 d5 29. exd5 Nxd5 30. Rxd5 Rxc3 31. Rxc3 Qxd5 32. f4 Rxa2 33. fxe5 Rxb2 34. Qe3 Rb1+ 35. Kf2 h6 36. Bf4 Rb2 37. h3 Ra2 38. Kg1 Ra1+ 39. Kh2 Ra5 40. Bc4 Qd1 41. e6 Ra1 42. e7 Bxe7 43. Qxe7 Qg1+ 44. Kg3 1-0

[Event "Dulles Atlantic op 3rd"]
[Site "Dulles"]
[Date "2025.07.04"]
[Round "5"]
[White "Vaibhav, Kalpaka"]
[Black "Kurup, Siddharth Ajay"]
[Result "1-0"]
[WhiteElo "2265"]
[BlackElo "2071"]
[PlyCount "60"]
[EventDate "2025.07.02"]
[EventType "swiss"]
[EventRounds "9"]
[EventCountry "USA"]
[SourceTitle "CB28_2025"]
[SourceDate "2025.07.09"]
[SourceVersion "1"]
[SourceVersionDate "2025.07.09"]
[SourceQuality "1"]

1. c4 e6 2. g3 d5 3. Bg2 Nf6 4. Nf3 Be7 5. 0-0 0-0 6. d3 d4 7. e4 c5 8. e5 Nfd7 9. Qe2 Nc6 10. h4 h6 11. Nbd2 Qc7 12. Re1 b6 13. Nf1 Bb7 14. h5 Rae8 15. Bf4 Qc8 16. N1h2 f6 17. exf6 Bxf6 18. Bd6 Rf7 19. Nd2 Be5 20. Ne4 Bf6 21. Bf4 Be7 22. Ng4 e5 23. Bxh6 gxh6 24. Nxh6+ Kf8 25. Qg4 Nf6 26. Nxf6 Qxg4 27. Nfxg4 Rh7 28. Be4 Rh8 29. Bg6 Bg5 30. Nf7 Kg7 1-0

[Event "Dulles Atlantic op 3rd"]
[Site "Dulles"]
[Date "2025.07.03"]
[Round "3"]
[White "Muthukumaran, Gurru"]
[Black "Kurup, Siddharth Ajay"]
[Result "0-1"]
[WhiteElo "1933"]
[BlackElo "2071"]
[PlyCount "36"]
[EventDate "2025.07.02"]
[EventType "swiss"]
[EventRounds "9"]
[EventCountry "USA"]
[SourceTitle "CB28_2025"]
[SourceDate "2025.07.09"]
[SourceVersion "1"]
[SourceVersionDate "2025.07.09"]
[SourceQuality "1"]

1. e4 c6 2. d4 d5 3. e5 c5 4. dxc5 e6 5. a3 Bxc5 6. Qg4 Ne7 7. Nf3 0-0 8. Bd3 f5 9. exf6 Rxf6 10. Qh4 h6 11. 0-0 Nbc6 12. b4 Bd6 13. Bb2 e5 14. h3 Qf8 15. b5 Rf4 16. Qh5 e4 17. bxc6 g6 18. cxb7 Bxb7 0-1

[Event "Sterling Cherry Blossom op 12th"]
[Site "Sterling"]
[Date "2025.05.24"]
[Round "5"]
[White "Swaminathan, Pranav"]
[Black "Kurup, Siddharth Ajay"]
[Result "0-1"]
[WhiteElo "2097"]
[BlackElo "1941"]
[PlyCount "68"]
[EventDate "2025.05.22"]
[EventType "swiss"]
[EventRounds "9"]
[EventCountry "USA"]
[SourceTitle "CB22_2025"]
[SourceDate "2025.05.28"]
[SourceVersion "1"]
[SourceVersionDate "2025.05.28"]
[SourceQuality "1"]

1. d4 d5 2. c4 e6 3. Nf3 a6 4. g3 dxc4 5. Bg2 b5 6. Ne5 c6 7. 0-0 Bb7 8. b3 cxb3 9. Qxb3 Qxd4 10. Bb2 Qb4 11. Qc2 Qc5 12. Qd3 Nf6 13. Rc1 Qd6 14. Qc2 Be7 15. a4 0-0 16. axb5 axb5 17. Rxa8 Bxa8 18. Nd2 Na6 19. Ne4 Nxe4 20. Bxe4 f5 21. Bg2 Rd8 22. Nxc6 Bxc6 23. Qxc6 Qxc6 24. Rxc6 Rd6 25. Rc8+ Kf7 26. Bf3 Bf6 27. Bc1 b4 28. e4 b3 29. exf5 exf5 30. Ba3 b2 31. Bxd6 b1Q+ 32. Kg2 Qa2 33. g4 fxg4 34. Bxg4 Qd5+ 0-1

[Event "Sterling Cherry Blossom op 12th"]
[Site "Sterling"]
[Date "2025.05.22"]
[Round "1"]
[White "Kurup, Siddharth Ajay"]
[Black "Semenov, Valeri"]
[Result "1/2-1/2"]
[WhiteElo "1941"]
[BlackElo "2155"]
[PlyCount "77"]
[EventDate "2025.05.22"]
[EventType "swiss"]
[EventRounds "9"]
[EventCountry "USA"]
[SourceTitle "CB22_2025"]
[SourceDate "2025.05.28"]
[SourceVersion "1"]
[SourceVersionDate "2025.05.28"]
[SourceQuality "1"]

1. d4 Nf6 2. c4 e6 3. Nc3 Bb4 4. e3 0-0 5. Bd3 c5 6. Nge2 cxd4 7. exd4 d5 8. a3 Bxc3+ 9. Nxc3 dxc4 10. Bxc4 Nbd7 11. 0-0 Nb6 12. Ba2 h6 13. Re1 Bd7 14. d5 Nbxd5 15. Nxd5 Nxd5 16. Bxd5 exd5 17. Qxd5 Bc6 18. Qxd8 Rfxd8 19. Be3 a6 20. Rac1 Rd5 21. Red1 Rad8 22. Rxd5 Rxd5 23. f3 f6 24. Kf2 Kf7 25. Rc2 g5 26. Bd2 Rf5 27. Kg3 h5 28. h4 Kg6 29. hxg5 fxg5 30. Bc3 h4+ 31. Kh2 Kh5 32. Rd2 g4 33. fxg4+ Kxg4 34. Rd4+ Rf4 35. Rxf4+ Kxf4 36. Kh3 Kg5 37. Bd2+ Kh5 38. g4+ hxg3 39. Kxg3 1/2-1/2

[Event "Steling Colonial op 6th"]
[Site "Sterlig"]
[Date "2025.04.19"]
[Round "4"]
[White "Zhou, Alexander Zheng"]
[Black "Kurup, Siddharth Ajay"]
[Result "1/2-1/2"]
[WhiteElo "1846"]
[BlackElo "2080"]
[PlyCount "73"]
[EventDate "2025.04.17"]
[EventType "swiss"]
[EventRounds "7"]
[EventCountry "USA"]
[SourceTitle "CB17_2025"]
[SourceDate "2025.04.23"]
[SourceVersion "1"]
[SourceVersionDate "2025.04.23"]
[SourceQuality "1"]

1. e4 c5 2. Nf3 e6 3. d4 cxd4 4. Nxd4 a6 5. Bd3 Bc5 6. Nb3 Ba7 7. Nc3 Ne7 8. 0-0 Nbc6 9. Qf3 0-0 10. Be3 b5 11. Bxa7 Rxa7 12. Rad1 Qc7 13. Qe3 Rd8 14. Rfe1 Ra8 15. e5 b4 16. Nb1 Nd5 17. Qh3 g6 18. Qg3 d6 19. f4 a5 20. exd6 Qxd6 21. Be4 a4 22. Nd4 Bb7 23. c3 bxc3 24. Nxc3 Qc5 25. Qf2 Nxd4 26. Qxd4 Qc7 27. Nxd5 Bxd5 28. Bxd5 Rxd5 29. Qe4 Qa7+ 30. Kh1 Rad8 31. Rxd5 Rxd5 32. h3 Qf2 33. Re2 Qf1+ 34. Kh2 Qd1 35. Re1 Qd2 36. Re2 Qd1 37. Re1 1/2-1/2